Statistiques concernant Les plus gros films français aux États-Unis

Cliquez ici pour prendre le quiz!

Statistiques générales

  • Ce quiz a été pris 213 fois
    (211 depuis la dernière actualisation)
  • Le résultat moyen est 5 sur 10

Statistiques - réponses

Année Film Hint % Correct
2011The Artist1.10 nominations aux Oscar, noir et blanc
85%
2007La môme6.Marion Cotillard & Edith Piaf
82%
1994Léon4.Jean Reno & Natalie Portman & Luc Besson
75%
2001Le fabuleux destin d'Amélie Poulain2.Audrey Tautou & Jean-Pierre Jeunet
74%
2012Intouchables7.Un soignant réticent & voiture d'infirme
65%
1978La Cage aux Folles3.Couple gay prétend être droit et conservateur
28%
1981La Cage aux Folles II8.Suite de °3
28%
2001Le Placard10.Feindre d'être gay
10%
2001Le pacte des loups5.Meurtriers du 18ème siécle en France
4%
2012Amour9.Oscar du meilleur film en langue étrangère
4%

Distribution des résultats

Percentile par nombre de réponses

% des personnes avec chaque résultat

Votre développement - résultats

Vous n’avez pas pris ce quiz depuis la dernière actualisation